Роман И.С. Тургенева "Отцы и дети" (Запись № 303812)

Подробности
000 -МАРКЕР
контрольное поле 01536nam0a2200325 4500
001 - ИДЕНТИФИКАТОР ЗАПИСИ
контрольное поле RU\NLR\bibl\967062
005 - ИДЕНТИФИКАТОР ВЕРСИИ
контрольное поле 20260406112856.0
010 ## - МЕЖДУНАРОДНЫЙ СТАНДАРТНЫЙ НОМЕР КНИГИ (ISBN)
Номер (ISBN) 5-9667-0139-3
021 ## - НОМЕР ГОСУДАРСТВЕННОЙ РЕГИСТРАЦИИ
Код страны российская федерация
Номер 2006-30013
Номер Листа государственной регистраци 1495
035 ## - ДРУГИЕ СИСТЕМНЫЕ НОМЕРА
Идентификатор записи (NLR Aleph) 000955044
100 ## - ДАННЫЕ ОБЩЕЙ ОБРАБОТКИ
Данные общей обработки 20060712d2006 |||y0rusy50 ca
101 0# - ЯЗЫК РЕСУРСА
Язык текста, звукозаписи и т.д. русский
102 ## - СТРАНА ПУБЛИКАЦИИ ИЛИ ПРОИЗВОДСТВА
Страна публикации российская федерация
105 ## - ПОЛЕ КОДИРОВАННЫХ ДАННЫХ: ТЕКСТОВЫЕ МАТЕРИАЛЫ, МОНОГРАФИЧЕСКИЕ
Кодированные данные о монографическом текстовом документе y |||||||||
200 1# - ЗАГЛАВИЕ И СВЕДЕНИЯ ОБ ОТВЕТСТВЕННОСТИ
Основное заглавие Роман И.С. Тургенева "Отцы и дети"
Сведения, относящиеся к заглавию система уроков
Первые сведения об ответственности Елена Полтавец
210 ## - ПУБЛИКАЦИЯ, РАСПРОСТРАНЕНИЕ И ДР.
Место издания, распространения и т.д. Москва
Имя издателя, распространителя и т. д. Чистые пруды
Дата издания, распространения и т.д. 2006
215 ## - ФИЗИЧЕСКАЯ ХАРАКТЕРИСТИКА
Специфическое обозначение материала и объем 29 с.
Размеры 21
225 1# - СЕРИЯ
Основное заглавие серии Библиотека "Первого сентября"
Наименование части Серия "Литература"
Обозначение тома вып. 1 (7)
320 ## - ПРИМЕЧАНИЯ О НАЛИЧИИ В ДОКУМЕНТЕ БИБЛИОГРАФИИ / УКАЗАТЕЛЯ
Текст примечания Библиогр.: с. 28
500 10 - УНИФИЦИРОВАННОЕ ЗАГЛАВИЕ
Связь между полями z22702
Унифицированное заглавие Отцы и дети
604 ## - ИМЯ И ЗАГЛАВИЕ КАК ПРЕДМЕТ
Связываемые данные 700#1$aТургенев$gИван Сергеевич$bИ. С.$f1818 - 1883
-- 50010$a"Отцы и дети"$xИзучение в школе$2nlr_sh2$3RU\NLR\AUTH\661122397
Имя лица Тургенев, Иван Сергеевич (1818 - 1883)
Заглавие "Отцы и дети"
Тематический подзаголовок Изучение в школе
Системный номер авторитетной/нормативной записи 1835804
Идентификатор авторитетной/нормативной записи RU\NLR\AUTH\661122397
686 ## - ИНДЕКСЫ ДРУГИХ КЛАССИФИКАЦИЙ
Индекс Ч426.21,6(2)315.8-Тургенев
700 #1 - ИМЯ ЛИЦА - ПЕРВИЧНАЯ ОТВЕТСТВЕННОСТЬ
Код отношения Автор
Материалы, к которым относится поле rus
Графика поля Кириллица
Начальный элемент ввода Полтавец
Часть имени, кроме начального элемента ввода Е. Ю.
Расширение инициалов личного имени Елена Юрьевна
Идентификатор авторитетной/нормативной записи RU\NLR\auth\7751658
Системный номер авторитетной/нормативной записи 34591
702 #1 - ИМЯ ЛИЦА - ВТОРИЧНАЯ ОТВЕТСТВЕННОСТЬ
Код отношения Автор
Материалы, к которым относится поле rus
Графика поля Кириллица
Начальный элемент ввода Тургенев
Часть имени, кроме начального элемента ввода И. С.
Даты 1818-1883
Расширение инициалов личного имени Иван Сергеевич
Идентификатор авторитетной/нормативной записи RU\NLR\auth\77102
Системный номер авторитетной/нормативной записи 110198
801 #0 - ИСТОЧНИК ЗАПИСИ
Страна российская федерация
Организация NLR
Дата составления 20060712
Правила каталогизации rcr
801 #1 - ИСТОЧНИК ЗАПИСИ
Страна российская федерация
Организация NLR
Дата составления 20060712
942 ## - ДОПОЛНИТЕЛЬНЫЕ ЭЛЕМЕНТЫ ЗАПИСИ (АБИС)
Тип экземпляра АБИС Книга
980 ## - КОЛЛЕКЦИЯ
Название коллекции Национальная библиография
Экземпляры
Тип экземпляра Дата поступления Источник поступления Библиотека постоянного хранения Библиотека текущего хранения Место хранения Шифр хранения Штрих-код Статус не для выдачи
Книга 12.07.2006 Обязательный экземпляр РНБ (Московский) РНБ (Московский) Русский книжный фонд: издания с 1957 года, 3этаж 2006-4/23848 2227312  
Книга 13.09.2006 Обязательный экземпляр РНБ (Московский) РНБ (Московский) Русский книжный фонд: издания с 1957 года, 3этаж 2006-4/23848 2257332